000 003650000a22001210004500
020 _a958-08-0030-8
100 1 _aGarcia Pelayo, Ramón
245 1 0 _aPractilarousse ilustrado 4 : Diccionario enciclopédico / Ramons Garcia Pelayo y Gross
260 _a[ s.l. ] Circulo de Lectores
300 _a553-738
500 _aNúmeración consecutiva por volúmen
001 561
999 _c47770
_d47770